000
00337 a2200157 4500
001
69130
020
_a
040
_c
Anchieta - Itaigara
100
_a
Fiat Automóveis
240
1
0
_a
Um poema chamado Brasil
_l
por
245
1
0
_a
Um poema chamado Brasil
300
_a
143
362
0
_a
0
650
4
_a
Literatura juvenil
942
_c
BK
999
_c
69130
_d
69130